000 00695nam a2200145 a 4500
008 180911s2016 ||||||||||||||||| || u
050 _aGOV.ZAM(058)ER/2016
245 0 0 _a2016 mid-year economic review
_cby Government of the Republic of Zambia, Ministry of Finance
260 _aLusaka:
_bGovernment of the Republic of Zambia, Ministry of Finance (MoF)
_c2016
300 _avi, 36p.: ill.
650 _aECONOMIC REVIEW
650 _aZAMBIA--ECONOMIC CONDITIONS--STATISTICS
650 _aMACROECONOMIC POLICY
995 _FCBU-MAIN LIBRARY (Kitwe)
_M1
_UAVAILABLE
_WSep 11, 2018
_XGovernment the Republic of Zambia Documents
_ZUniversity Collection
999 _c33119
_d33119